| 000 | 00399nam a22001457a 4500 | ||
|---|---|---|---|
| 003 | OSt | ||
| 005 | 20241109160623.0 | ||
| 008 | 230411b ||||| |||| 00| 0 eng d | ||
| 040 | _c0 | ||
| 245 | _aTech innovator angkas drives good governance for startups / | ||
| 260 |
_aPhilippines : _bManila Bulletin, _cDecember 6, 2019. |
||
| 300 | _a1 page. | ||
| 650 |
_aTechnology. _948363 |
||
| 942 |
_2ddc _cPER |
||
| 999 |
_c18075 _d18075 |
||